<?xml version="1.0" encoding="UTF-8"?>
<record
    xmlns:xsi="http://www.w3.org/2001/XMLSchema-instance"
    xsi:schemaLocation="http://www.loc.gov/MARC21/slim http://www.loc.gov/standards/marcxml/schema/MARC21slim.xsd"
    xmlns="http://www.loc.gov/MARC21/slim">

  <leader>     nam a22     7a 4500</leader>
  <datafield tag="999" ind1=" " ind2=" ">
    <subfield code="c">41739</subfield>
    <subfield code="d">41739</subfield>
  </datafield>
  <controlfield tag="005">20180105154344.0</controlfield>
  <controlfield tag="008">180105b        xxu||||| |||| 00| 0 eng d</controlfield>
  <datafield tag="040" ind1=" " ind2=" ">
    <subfield code="a">ANE</subfield>
  </datafield>
  <datafield tag="041" ind1=" " ind2=" ">
    <subfield code="a">Es</subfield>
  </datafield>
  <datafield tag="082" ind1=" " ind2=" ">
    <subfield code="a">TV-5852</subfield>
  </datafield>
  <datafield tag="100" ind1=" " ind2=" ">
    <subfield code="a">Alvaraso, Rosana</subfield>
    <subfield code="e">Ministra de Justicia</subfield>
  </datafield>
  <datafield tag="245" ind1=" " ind2=" ">
    <subfield code="a">Rosana Alvarado se&#xF1;ala que avanzan las investigaciones tras el asesinato de Emilia B.</subfield>
  </datafield>
  <datafield tag="260" ind1=" " ind2=" ">
    <subfield code="a">Quito</subfield>
    <subfield code="b">Ecuador TV-Entrevista</subfield>
    <subfield code="c">2018-01-05</subfield>
  </datafield>
  <datafield tag="300" ind1=" " ind2=" ">
    <subfield code="a">p.</subfield>
  </datafield>
  <datafield tag="520" ind1=" " ind2=" ">
    <subfield code="a">La ministra de Justicia, Rosana Alvarado, se refiri&#xF3; a problemas internos en el Centro de Rehabilitaci&#xF3;n Social de Turi en Cuenca, donde hubo un cruce de balas entre varios internos del centro penitenciario. Al respecto, la ministra indic&#xF3; que el percance fue controlado por la polic&#xED;a y descart&#xF3; que existan rehenes como se mencion&#xF3; en versiones no oficiales. Alvarado coment&#xF3; que para evitar este tipo de emergencias, se toman medidas como el traslado de reos que pertenecen a una misma banda o que podr&#xED;a significar el enfrentamiento entre bandas rivales. Adem&#xE1;s, se&#xF1;al&#xF3; que la idea no es saturar las c&#xE1;rceles, frente a lo cual en delitos menores, se otorgan medidas sustitutivas de parte de los jueces. Sobre el presunto culpable del asesinato de la ni&#xF1;a Emilia B., la ministra explic&#xF3; que las investigaciones las viene realizando la Fiscal&#xED;a y que en este caso habr&#xED;a una concurrencia de delitos como trata de personas, pornograf&#xED;a infantil, entre otros. Para finalizar, Alvarado manifest&#xF3; que pronto se ir&#xE1; definiendo el tema de la elecci&#xF3;n del Vicepresidente. Agreg&#xF3; que el contexto de gobernabilidad actual es diferente al que se vivi&#xF3; en 2013 y que a pesar de una &#x2018;oposici&#xF3;n&#x2019; inesperada, las ideas del proyecto son las mismas: soberan&#xED;a, reforma econ&#xF3;mica y justicia social.</subfield>
  </datafield>
  <datafield tag="650" ind1=" " ind2=" ">
    <subfield code="a">Acontecer Nacional / Rosana Alvarado / Ministra Justica / Ecuador TV-Entrevista / Justica Ecuatoriana / problemas internos / Centro Rehabilitaci&#xF3;n Social Turi Cuenca / Policia Nacional / medidas sustitivas jueces / presunto culpable asesinato / Emilia B / investigaciones Fiscal&#xED;a / trata personas / pornograf&#xED;a infantil / elecci&#xF3;n vicepresidente /gobernabilidad actual / soberan&#xED;a, reforma econ&#xF3;mica y justicia social /</subfield>
  </datafield>
  <datafield tag="942" ind1=" " ind2=" ">
    <subfield code="2">ddc</subfield>
    <subfield code="c">VM</subfield>
    <subfield code="z">IES.</subfield>
  </datafield>
  <datafield tag="952" ind1=" " ind2=" ">
    <subfield code="0">0</subfield>
    <subfield code="1">0</subfield>
    <subfield code="2">ddc</subfield>
    <subfield code="4">0</subfield>
    <subfield code="7">0</subfield>
    <subfield code="a">AN01</subfield>
    <subfield code="b">AN01</subfield>
    <subfield code="d">2018-01-05</subfield>
    <subfield code="o">TV-5852</subfield>
    <subfield code="p">TV-5852</subfield>
    <subfield code="r">2018-01-05</subfield>
    <subfield code="w">2018-01-05</subfield>
    <subfield code="y">VM</subfield>
  </datafield>
</record>
